| 000 | 01888nam0a22003611 4500 | ||
|---|---|---|---|
| 001 | RU\NLR\A1SV\82174 | ||
| 005 | 20260405223229.0 | ||
| 035 | _a(NLR Aleph) 009763600 | ||
| 090 |
_a10028485 _c10028485 |
||
| 100 | _a20070917d1925 k y0rusy50 ca | ||
| 101 | 0 | _arus | |
| 102 | _aRU | ||
| 105 | _ad g 000yy | ||
| 200 | 1 |
_aЛоция Мурманского берега 1925 г. _f[составители: Н.В.Морозов и П.И.Башмаков] _gпо Гидрографическому управлению |
|
| 210 |
_aЛенинград _cРедакционно-издательский отдел морских сил РККФ _d1925 |
||
| 215 |
_a[2], II, 654, IV с., 1 л. карт. _d23 |
||
| 300 | _aИз предисловия: "Настоящее издание... имеет в своей основе лоцию, составленную Н.В. Морозовым. В нее внесены... изменения и накопления... автора настоящей переработки... П.И. Башмакова" | ||
| 607 |
_aБаренцево море _xЛоция _yМурманское побережье _92356830 _3RU\NLR\AUTH\6601630253 |
||
| 620 | _dСанкт-Петербург | ||
| 686 | 1 | _aО471.12,1(912.1) | |
| 702 | 1 |
_4220 _8rus _7ca _aБашмаков _bП. И. _f1890-1942 _gПавел Иванович _3RU\NLR\AUTH\77101100 _984026 |
|
| 702 | 1 |
_4100 _8rus _7ca _aМорозов _bН. В. _cгидрограф _f1862-1925 _gНиколай Васильевич _3RU\NLR\AUTH\77101432 _984358 |
|
| 712 | 0 | 1 |
_4475 _aСССР _bГлавное гидрографическое управление _9814895 _3RU\NLR\AUTH\880574378 |
| 801 | 0 |
_aRU _bNLR _c20070917 |
|
| 852 |
_aNLR _j23/201 |
||
| 899 | _aМГУ | ||
| 899 | _aРГБ | ||
| 899 | _aНГОУНБ | ||
| 899 | _aСПбГУ | ||
| 942 | _cBOOK | ||
| 980 | _aNB | ||
| 980 | _aA1SV | ||